Catálogo

LA GRAN CRUZADA (Registro nro. 57766)

Detalles MARC
000 -LEADER
fixed length control field 01146nam a2200205 a 4500
001 - CONTROL NUMBER
control field 57766
005 - DATE AND TIME OF LATEST TRANSACTION
control field 20180714054103.0
008 - FIXED-LENGTH DATA ELEMENTS--GENERAL INFORMATION
fixed length control field 140415s1992 mx 000 0 spa d
020 ## - INTERNATIONAL STANDARD BOOK NUMBER
International Standard Book Number 9682937329
041 ## - LANGUAGE CODE
Language code of text/sound track or separate title spa
082 ## - DEWEY DECIMAL CLASSIFICATION NUMBER
Classification number 622.2
Item number RAM
100 1# - MAIN ENTRY--PERSONAL NAME
Personal name RAMOS, AGUSTIN
245 13 - TITLE STATEMENT
Title LA GRAN CRUZADA
250 ## - EDITION STATEMENT
Edition statement 1a ed.
260 ## - PUBLICATION, DISTRIBUTION, ETC.
Place of publication, distribution, etc. MEXICO :
Name of publisher, distributor, etc. CONSEJO NACIONAL PARA LA CULTURA Y LAS ARTES,
Date of publication, distribution, etc. 1992
300 ## - PHYSICAL DESCRIPTION
Extent 474
Dimensions 13.4 x 1.7 x 21
490 ## - SERIES STATEMENT
Series statement REGIONES
520 ## - SUMMARY, ETC.
Summary, etc. EN EL SIGLO XVIII EL DUEÑO DE LAS MINAS MAS GEROSAS DE REAL DEL MONTE, DON PEDRO ROMERO DE TERREROS, DECIDIO ABOLIR LA COSTUMBRE DE PAGAR A LOS TERREROS, DECIDIO ABOLIR LA COSTUMBRE DE PAGAR A LOS BARRETEROS CON PARTE DEL METAL QUE EXTRAIAN. EN RESPUESTA, ELLOS ORGANIZARON UN MOVIMIENTO QUE DURO OCHO MESES Y SE TRADUJO EN UNA HUELGA Y VARIAS SUBLEVACIONES. DESPUES DE UNA ESTAS, OCURRIDA EL 15 DE AGOSTO DE 1766, ROMERO DE TERREROS OPTO POR ALEJARSE DEL ESCENARIO DEL CONFLICTO PARA EMPRE
650 14 - SUBJECT ADDED ENTRY--TOPICAL TERM
Topical term or geographic name entry element MINAS
General subdivision MINERAL DEL MONTE
-- MEXICO 1766
-- MINAS DE PLATA
-- MEXICO
-- MINERAL DEL MONTE
-- HISTORIA
-- ROMERO DE TERREROS, PEDRO
-- CONDE DE REGLA
-- 1710
-- 1781
Existencias
Withdrawn status Lost status Source of classification or shelving scheme Damaged status Not for loan Collection code Home library Current library Shelving location Date acquired Source of acquisition Inventory number Total Checkouts Full call number Barcode Date last seen Price effective from Koha item type
    Dewey Decimal Classification     General Biblioteca Karol Wojtyla Biblioteca Karol Wojtyla Sala general 03/12/2013 Compra 151000000000000000003984   622.2 RAM 87251 05/01/2026 03/12/2013 Libro